00942nam a2200241Ii 45000010005000000030009000050080041000140200015000550400033000700410008001030840013001111000037001242450034001612640081001953000012002763360026002883370028003143380027003429400050003699990017004199520132004369520132005686406CO-ViMGA241108s9999||||xx |||||||||||||| ||und|| a9589075339 aCO-ViMGAbspaerdacCO-ViMGA0 aunk aC YAÑ11 aTeresa Yañez de Cuberos95711810aDe esste lado de los sueños 1a[Lugar de publicación no identificado] : Biblioteca Pública Piloto, 1992 avolumen atextbtxt2rdacontent aunmediatedbn2rdamedia avolumebnc2rdacarrier aidficha_siabuc: 6258. -- ficha_no_siabuc:6406 c55365d55365 001040708012aMEVIGERRbMEVIGERRcLITd2006-11-27oC YAÑ1pECA5807r2024-11-26 10:42:13tEj.2w2024-11-26yBKz6258 | 8761 001040708012aMEVIGERRbMEVIGERRcLITd2006-11-27oC YAÑ1pECA5806r2024-11-26 10:42:13tEj.1w2024-11-26yBKz6258 | 8760